header

Advanced computer-aided fixture design (Record no. 81993)

MARC details
000 -LEADER
fixed length control field 01290nam a2200325Ia 4500
082 04 - DEWEY DECIMAL CLASSIFICATION NUMBER
Classification number 621.9/92
100 1# - MAIN ENTRY--AUTHOR NAME
Personal name Rong, Yiming,
245 10 - TITLE STATEMENT
Title Advanced computer-aided fixture design
260 ## - PUBLICATION, DISTRIBUTION, ETC. (IMPRINT)
Place of publication Amsterdam ;
-- Boston :
Name of publisher Elsevier,
Year of publication 2005.
300 ## - PHYSICAL DESCRIPTION
Number of Pages ix, 414 p. :
Other physical details ill.
650 #0 - SUBJECT ADDED ENTRY--TOPICAL TERM
Topical Term Jigs and fixtures
Topical Term Machine-tools
700 1# - ADDED ENTRY--PERSONAL NAME
Personal name Huang, Samuel H.
Personal name Hou, Zhikun.
856 40 - ELECTRONIC LOCATION AND ACCESS
Uniform Resource Identifier http://site.ebrary.com/lib/rucke/Doc?id=10127931

No items available.

© 2026 Rongo University
Contact us: librarian | system librarian | Rongo university